000 00556nam a2200181Ia 4500
003 GCL
008 140319s9999 xx 000 0 ara d
040 _aGCL /
_cGCL
082 0 4 _aط
_b813.0
_bح ن
100 1 _aحسن عبدالله القرشى
245 1 0 _aالطيران الاول /
_cحسن عبدالله القرشى
260 _a[S.N] :
_bمكتبة الدار العربية للكتاب ،
_c1992
490 _a
650 0 4 _aالقصص القصيرة
650 0 4 _aالاطفال
650 0 4 _aقصص الاطفال
942 _2ddc
_cBK
999 _c30880
_d30880